Hota raha tera hi bayan chaudhavin ki raat / (Record no. 46384)

MARC details
000 -LEADER
fixed length control field 01221nji a22003137a 4500
005 - DATE AND TIME OF LATEST TRANSACTION
control field 20100917112259.0
006 - FIXED-LENGTH DATA ELEMENTS--ADDITIONAL MATERIAL CHARACTERISTICS--GENERAL INFORMATION
fixed length control field a|||||r|||||00| 0
007 - PHYSICAL DESCRIPTION FIXED FIELD--GENERAL INFORMATION
fixed length control field sd ammalaaahaa
008 - FIXED-LENGTH DATA ELEMENTS--GENERAL INFORMATION
fixed length control field 100830t xxu||||| |||| 00| 0 eng d
028 ## - PUBLISHER NUMBER
Publisher number ECSD.2892
Source EMI
035 ## - SYSTEM CONTROL NUMBER
System control number GR-03269
040 ## - CATALOGING SOURCE
Original cataloging agency SED
Transcribing agency SED
100 ## - MAIN ENTRY--PERSONAL NAME
9 (RLIN) 17455
Personal name Vaswani, Ghanshyam
245 ## - TITLE STATEMENT
Title Hota raha tera hi bayan chaudhavin ki raat /
Statement of responsibility, etc sung by Ghansham Vaswani; music by Jagjit Singh; lyric by Saeed Rahi
Medium [sound recording] :
246 ## - VARYING FORM OF TITLE
Title proper/short title होता रहा तेरा ही बयां चौदहवीं की रात /
260 ## - PUBLICATION, DISTRIBUTION, ETC. (IMPRINT)
Place of publication, distribution, etc Dum Dum, India
Name of publisher, distributor, etc EMI
Date of publication, distribution, etc 1981
300 ## - PHYSICAL DESCRIPTION
Extent 1 sound disc [Gramophone Recording]:
Other physical details analog, 33 1/3 rpm
Dimensions 12.5 in. (LP)
Type of unit Gramophone Record
500 ## - GENERAL NOTE
General note Brief Record
500 ## - GENERAL NOTE
General note Record labels : EMI, Red
505 ## - FORMATTED CONTENTS NOTE
Formatted contents note Side-2 (Ajnabi shahr men ajnabi raaste) (Ashok Khosla)
600 ## - SUBJECT ADDED ENTRY--PERSONAL NAME
Personal name Vaswani, Ghanshyam
9 (RLIN) 20359
650 ## - SUBJECT ADDED ENTRY--TOPICAL TERM
Topical term or geographic name as entry element Gazals
Geographic subdivision India
9 (RLIN) 1186
General subdivision Excerpts
650 ## - SUBJECT ADDED ENTRY--TOPICAL TERM
Topical term or geographic name as entry element Classical Music
9 (RLIN) 20451
650 ## - SUBJECT ADDED ENTRY--TOPICAL TERM
Topical term or geographic name as entry element Urdu Modern
9 (RLIN) 20462
700 ## - ADDED ENTRY--PERSONAL NAME
Personal name Jagjit Singh
9 (RLIN) 20452
700 ## - ADDED ENTRY--PERSONAL NAME
Personal name Saeed Rahi
9 (RLIN) 20463
942 ## - ADDED ENTRY ELEMENTS (KOHA)
Source of classification or shelving scheme Dewey Decimal Classification
Item type Gramaphone Records
Holdings
Withdrawn status Lost status Source of classification or shelving scheme Damaged status Not for loan Collection code Home library Current library Date acquired Source of acquisition Total Checkouts Barcode Date last seen Copy number Price effective from Koha item type
    Dewey Decimal Classification   Not For Loan Non-fiction Central Library Central Library 17/09/2010 SED/VEN   GR-03269 17/09/2010 1 17/09/2010 Gramaphone Records

© Delhi Public Library
Hit Counter
free hit counter